| 000 | 01813ntm a2200265 4500 | ||
|---|---|---|---|
| 001 | 75673 | ||
| 003 | BD-RjUL | ||
| 005 | 20211209082727.0 | ||
| 008 | 190514s2016 bg ||||| |mb| 00| 0 ben d | ||
| 035 | _a(BD-RjUL)75891 | ||
| 040 |
_aBD-RjUL _bben/eng _cBD-RjUL _dBD-RjUL |
||
| 041 | _aben | ||
| 082 |
_223 _a370.954 _bUDM 2016 |
||
| 100 | 1 |
_aউদ্দীন, মো. শরিফ _9231710 |
|
| 245 |
_aমুঘল-বাংলার শিক্ষা ব্যবস্থা, (১৫৭৬-১৮৫৮ খ্রি.) = The Education System of Mughal Bengal (1576-1858 A. D. ) / _cমো. শরিফ উদ্দীন ; _6গবেষণা তত্ত্বাবধায়ক : এ. কে. এম. ইয়াকুব আলী |
||
| 246 | _aThe Education System of Mughal Bengal (1576-1858 A. D. ) | ||
| 260 |
_aরাজশাহী : _bইসলামের ইতিহাস ও সংস্কৃতি বিভাগ, রাজশাহী বিশ্ববিদ্যালয়, _c২০১৬ |
||
| 300 |
_avii, ২৯১ পাতা : _bচিত্র ; _c২৯ সেমি. |
||
| 502 | _aথিসিস (পিএইচ. ডি.) -- ইসলামের ইতিহাস ও সংস্কৃতি বিভাগ, রাজশাহী বিশ্ববিদ্যালয়, ২০১৬ | ||
| 504 | _aগ্রন্থপঞ্জি: পাতা ২৫৬-২৭৮ | ||
| 650 |
_aশিক্ষা _vইতিহাস _zভারত _zবাংলা _y১৫৭৬-১৮৫৮ খ্রিষ্টাব্দ _9231711 |
||
| 650 |
_aEducation _vHistory. _zIndia _zBengal _y1576-1858 A. D. _9231712 |
||
| 700 |
_aআলী, এ. কে. এম. ইয়াকুব, গবেষণা তত্ত্বাবধায়ক _9231713 |
||
| 942 |
_2ddc _cTHE |
||
| 999 |
_c75673 _d75673 |
||